Entrepreneurial development/ (Record no. 39953)

MARC details
000 -LEADER
fixed length control field 00747nam a22002177a 4500
005 - DATE AND TIME OF LATEST TRANSACTION
control field 20100807102334.0
010 ## - LCCN (DPL NO)
LC control number ENG-98697
020 ## - INTERNATIONAL STANDARD BOOK NUMBER
International Standard Book Number 9788189985134
Terms of availability 200.00
020 ## - INTERNATIONAL STANDARD BOOK NUMBER
International Standard Book Number 8189985132
Terms of availability 200.00
035 ## - SYSTEM CONTROL NUMBER
System control number EN-82229
037 ## - SOURCE OF ACQUISITION
Source of stock number/acquisition DBAD/PUB
082 ## - DEWEY DECIMAL CLASSIFICATION NUMBER
Classification number 338.04092
100 ## - MAIN ENTRY--PERSONAL NAME
Personal name Gayathri, J.
245 ## - TITLE STATEMENT
Title Entrepreneurial development/
Statement of responsibility, etc by J. Gayathri
260 ## - PUBLICATION, DISTRIBUTION, ETC. (IMPRINT)
Place of publication, distribution, etc Chennai
Name of publisher, distributor, etc Mayura Books
Date of publication, distribution, etc 2009
270 ## - ADDRESS
Address NO.12/1, East Mada Street, Mylapore
City Chennai
Postal code 600004
300 ## - PHYSICAL DESCRIPTION
Extent 125p.
Dimensions 20cm (pbk)
650 ## - SUBJECT ADDED ENTRY--TOPICAL TERM
Topical term or geographic name as entry element Entrepreneuts
942 ## - ADDED ENTRY ELEMENTS (KOHA)
Source of classification or shelving scheme Dewey Decimal Classification
Item type English Books
Classification part 338.04092
Call number suffix GAY
Holdings
Withdrawn status Lost status Not for loan Collection code Home library Current library Date acquired Source of acquisition Cost, normal purchase price Full call number Barcode Copy number Cost, replacement price Koha item type
    Not For Loan Non-fiction D.B.Act.Division D.B.Act.Division 07/08/2010 DBAD/PUB 200.00 338.04092 GAY EN-82229 1 200.00 English Books

© Delhi Public Library
Hit Counter
free hit counter